000 00565nam a2200193Ia 4500
005 20250508150636.0
008 008 250505s9999 xx 000 0 eng d
037 _aTextual
040 _aFEDL
_beng
_cFEDL
041 _aeng
_2eng
084 _a150, HIG
_qFEDL
100 _aHigginson Glenn Devere
_9757259
245 0 _aFields of psychology: A study of man and his environment
260 _aNew York, USA
_bHenry Holt and Company
_c1931
300 _axviii,613p.
650 _aPsychology
942 _cTEXL
_h150, HIG
999 _c1324763
_d1324763